Algeria City Quiz - Statistics

General Stats
  • This quiz has been taken 285 times
  • The average score is 6 of 15
Answer Stats
Answer % Correct
Algiers
92%
Oran
90%
Constantine
66%
Annaba
51%
Bejaia
41%
Setif
39%
Blida
32%
Batna
27%
Biskra
25%
Djelfa
23%
Skikda
23%
Sidi bel Abbes
18%
Tebessa
14%
Tiaret
12%
El Oued
7%
No matching quizzes found
Score Distribution
Percent of People with Each Score
Percentile by Number Answered
Your Score History
You have not taken this quiz